000 00851nam a22002177a 4500
003 UA-OsUOA
001 42517
007 ta
008 20090217b un ||||| |||| 00| 0 ukr d
090 _a082
_bС83
942 _cBK
040 _aUA-OsUOA
_bukr
_cUA-OsUOA
_dUA-OsUOA
245 _aСтратегія та досвід боротьби з організованою злочинністю і нелегальним наркобізнесом
_bМатеріали міжнародної науково-практичної конференції (Київ, 16-19 серпня 1994р.)
300 _a178 с.
955 _a4
041 _aukr
080 _a082
260 _aК.
_bРедакційно-видавничий відділ МВС України
_c1995
650 7 _a08 Видання. Колективні праці
_2UDC
999 _c441015
_d441015